| 000 | 01807nam a22003017a 4500 | ||
|---|---|---|---|
| 005 | 20100803114911.0 | ||
| 010 | _aENG-97658 B-423566-570 | ||
| 020 |
_a9788183701808 _c1500.00 |
||
| 035 | _aEN-81191 | ||
| 035 | _aB-423566-570 | ||
| 037 | _bDBAD/PUB | ||
| 037 | _bAllied Publishers | ||
| 082 | _a020 | ||
| 100 |
_aRenuka, P. _930870 |
||
| 245 |
_aLibrary and information services in agricultural education, research and extension / _cby P. Renuka |
||
| 260 |
_aNew Delhi _bAkansha Publishing House _c2009 |
||
| 270 |
_a4649-B/21, Ansari Road _bNew Delhi _e110002 |
||
| 300 |
_axxi,323p. _c25cm (Hb) |
||
| 500 | _aIncludes bibliographical refrences and index | ||
| 942 |
_2ddc _cEN _h020 _mREN |
||
| 999 |
_c38892 _d38892 |
||